000
00276nam a2200121Ia 4500
008
240624s9999 xx 000 0 und d
041
_a
eng
082
_a
020 BAR
100
_a
BARUAH ARUNIMA
245
_a
COMPUTER NETWORKING IN LIBRARIES
260
_c
2011
365
_c
RS
_b
25
999
_c
19041
_d
19041